Guide to good prescribing (Registro nro. 2010)

Detalles MARC
000 -LEADER
fixed length control field 00860nam a2200289 a 4500
003 - CONTROL NUMBER IDENTIFIER
control field OSt
005 - FECHA ULTIMA MODIFICACION
control field 20190627112252.0
008 - FIXED-LENGTH DATA ELEMENTS--GENERAL INFORMATION
fixed length control field 131105s1994 sz ||||| |||| 00| 0 eng d
040 ## - CATALOGING SOURCE
Transcribing agency Biblioteca Medicina
041 ## - LANGUAGE CODE
Language code of text/sound track or separate title eng
082 ## - DEWEY DECIMAL CLASSIFICATION NUMBER
Classification number OMS QV 748
100 1# - MAIN ENTRY--PERSONAL NAME
Personal name de Vries, T. P.
9 (RLIN) 2807
110 ## - MAIN ENTRY--CORPORATE NAME
Corporate name or jurisdiction name as entry element Organizacion Mundial de la Salud
9 (RLIN) 1006
245 00 - TITLE STATEMENT
Title Guide to good prescribing
250 ## - EDITION STATEMENT
Edition statement 1° ed.
260 ## - PUBLICATION, DISTRIBUTION, ETC. (IMPRINT)
Place of publication, distribution, etc Ginebra
Name of publisher, distributor, etc Organizacion Mundial de la Salud
Date of publication, distribution, etc 1995
300 ## - PHYSICAL DESCRIPTION
Extent 108 p.
500 ## - GENERAL NOTE
General note Baja Depósito Caja 33 Junio 2019
546 ## - LANGUAGE NOTE
Language note Texto en ingles
653 ## - INDEX TERM--UNCONTROLLED
Uncontrolled term PREPARACIONES FARMACEUTICAS-PREPARACION & DOSIFICACION
653 ## - INDEX TERM--UNCONTROLLED
Uncontrolled term MEDICAMENTOS-PRESCRIPCION
700 10 - ADDED ENTRY--PERSONAL NAME
Personal name Henning, R. H.
9 (RLIN) 391
700 10 - ADDED ENTRY--PERSONAL NAME
Personal name Hogerzeil, H. V.
9 (RLIN) 392
700 10 - ADDED ENTRY--PERSONAL NAME
Personal name Fresle, D. A.
9 (RLIN) 393
856 ## - ELECTRONIC LOCATION AND ACCESS
Link text http://www.who.int/publications/es/
942 ## - ADDED ENTRY ELEMENTS (KOHA)
Source of classification or shelving scheme Dewey Decimal Classification
Koha item type Hemeroteca
Existencias
Withdrawn status Lost status Fuente de clasificación Damaged status Use restrictions Not for loan Colección Ubicación permanente Ubicación actual Sala de ubicación Fecha de adquisición Total Checkouts Número de clasificación Código de barras Date last seen Número de ejemplar Price effective from Koha tipo de elemento (item)
    Dewey Decimal Classification   Restricted Access Not For Loan Non-fiction Biblioteca Medicina Biblioteca Medicina Circulación 05/11/2013   OMS QV 748 H0261 06/11/2014 Ej. 1 05/11/2013 Hemeroteca

UNIVERSIDAD NACIONAL DEL COMAHUE
Biblioteca de la Facultad de Ciencias Médicas
Sede Toschi: Los Arrayanes y Av. Toschi, Cipolletti  - Rio Negro
Sede Los Tordos:  Yrigoyen al 2211, Cipolletti - Rio Negro 

Teléfono: 0299 - 4774707 int 25
Contacto: biblioteca@facimed.uncoma.edu.ar
© 2011 - 2026